| 000 | 00672cam a22002291 4500 | ||
|---|---|---|---|
| 001 | ne 66000896 | ||
| 003 | DLC | ||
| 005 | 20260227111823.0 | ||
| 008 | 860207s1965 le 000 0 ara | ||
| 010 | _ane 66000896 | ||
| 035 | _a(OCoLC)13118235 | ||
| 040 |
_aDLC _cTxU _dTxU _dDLC |
||
| 042 | _apremarc | ||
| 050 | 0 | 0 |
_aHX442 _b.H26 |
| 100 | 1 | _aḤalīq, ʻUmar. | |
| 245 | 1 | 0 |
_aDawr al-mārkisīyah fī al-ishtirākīyah al-ʻArabīyah, _cli-ʻUmar Ḥalīq. |
| 250 | _a[al-Ṭabʻah 1] | ||
| 260 |
_a[Bayrūt] _bDār al-Kitāb al-Jadīd _c[1965] |
||
| 300 |
_a123 p. _c21 cm. |
||
| 440 | 0 |
_aSilsilat al-fikr al-ʻArabī, _v4 |
|
| 650 | 0 |
_aSocialism _zArab countries. |
|
| 999 |
_c48878 _d48878 |
||